मध्यकालीन संस्कृत-नाटक (Record no. 118091)

MARC details
000 -LEADER
fixed length control field 00847nam a2200253Ia 4500
003 - CONTROL NUMBER IDENTIFIER
control field OSt
005 - DATE AND TIME OF LATEST TRANSACTION
control field 20220918112041.0
008 - FIXED-LENGTH DATA ELEMENTS--GENERAL INFORMATION
fixed length control field 220915b |||||||| |||| 00| 0 hin d
037 ## - SOURCE OF ACQUISITION
Terms of availability Textbook
040 ## - CATALOGING SOURCE
Language of cataloging hin
Original cataloging agency ARTS
Transcribing agency ARTS
041 ## - LANGUAGE CODE
Language code of text/sound track or separate title hin
100 ## - MAIN ENTRY--PERSONAL NAME
Personal name उपाध्याय, रामजी
9 (RLIN) 1695
245 #0 - TITLE STATEMENT
Title मध्यकालीन संस्कृत-नाटक
246 ## - VARYING FORM OF TITLE
Title proper/short title Madhyakālīn sanskṛuta-nāṭaka
260 ## - PUBLICATION, DISTRIBUTION, ETC.
Place of publication, distribution, etc. ैंसागर
Name of publisher, distributor, etc. संस्कृत परिषद भारत
Date of publication, distribution, etc. 1974
300 ## - PHYSICAL DESCRIPTION
Extent 504पण्
Dimensions cm.
650 ## - SUBJECT ADDED ENTRY--TOPICAL TERM
Topical term or geographic name entry element हिन्दी साहित्य
942 ## - ADDED ENTRY ELEMENTS (KOHA)
Classification part O15,2v, 152L4
Koha item type Textbook
Source of classification or shelving scheme Colon Classification (CC)

No items available.

Copyright @ Delhi University Library System